[Event "Decin op-A"]
[Site "Decin"]
[Date "1998.??.??"]
[Round "9"]
[White "Solodovnichenko, Yuri"]
[Black "Mirumian, Vigen"]
[Result "0-1"]
[WhiteElo "2415"]
[BlackElo "2470"]

1.d4 Nf6 2.c4 g6 3.Nc3 d5 4.cxd5 Nxd5 5.e4 Nxc3 6.bxc3 Bg7 7.Nf3 c5 8.Rb1 O-O
9.Be2 cxd4 10.cxd4 Qa5+ 11.Bd2 Qxa2 12.O-O b6 13.Rc1 Bb7 14.Re1 Bxe4 15.Bg5 Nc6
16.Bc4 Bxf3 17.Qxf3 Qa5 18.Bxe7 Nxe7 19.Rxe7 Rac8 20.Bxf7+ Kh8 21.Rd1 Qg5
22.Rxa7 Rc1 23.g3 Qf5 24.Qb3 Rxd1+ 25.Qxd1 Rxf7 26.Rxf7 Qxf7 27.d5 Qd7 28.Qb3 Qd6
29.Qb5 Bd4 30.Kg2 Kg7 31.f4 Bc5 32.Qc4 Qf6 33.Qe4 Qf5 34.Qc4 Kf8 35.Kf3 h5
36.Qa2 Qd3+ 37.Kg2 Qe4+ 38.Kh3 Qf5+ 39.Kg2 Ke7 40.Qa8 Qe4+ 41.Kh3 Qf5+ 42.Kg2 Qc2+
43.Kh3 Bg1 44.d6+ Kd7 45.Qa7+ Kxd6 46.Qb8+ Kd7 47.Qb7+ Ke6  0-1

[Event "Dresden zt"]
[Site "Dresden"]
[Date "1998.??.??"]
[Round "2"]
[White "Pelletier, Yannick"]
[Black "Jelen, Igor"]
[Result "1-0"]
[WhiteElo "2515"]
[BlackElo "2430"]

1.d4 Nf6 2.c4 g6 3.Nc3 d5 4.cxd5 Nxd5 5.e4 Nxc3 6.bxc3 Bg7 7.Nf3 c5 8.Rb1 O-O
9.Be2 cxd4 10.cxd4 Qa5+ 11.Bd2 Qxa2 12.O-O Bg4 13.Bg5 h6 14.Be3 Nc6 15.d5 Ne5
16.Rxb7 e6 17.d6 Rfd8 18.Re1 Bxf3 19.gxf3 Qa5 20.Rf1 Qa3 21.f4 Rxd6 22.Qc1 Qa2
23.Bb5 Nc6 24.Bxc6 Rc8 25.Bd5  1-0

[Event "Dresden zt"]
[Site "Dresden"]
[Date "1998.??.??"]
[Round "4"]
[White "Jelen, Igor"]
[Black "Rogulj, Branko"]
[Result "1/2-1/2"]
[WhiteElo "2430"]
[BlackElo "2430"]

1.d4 Nf6 2.c4 g6 3.Nc3 d5 4.cxd5 Nxd5 5.e4 Nxc3 6.bxc3 Bg7 7.Nf3 O-O 8.Be2 c5
9.O-O Nd7 10.Rb1 b6 11.Qd3 cxd4 12.cxd4 Nf6 13.Ba3 Re8 14.Qe3 e6 15.Ne5 Bb7
16.f3 a6 17.Rfd1 b5 18.Nc4 Bxe4 19.fxe4 bxc4 20.Bb2 Rc8 21.Rdc1 Qd7 22.Rxc4 Rxc4
23.Bxc4 Ng4 24.Qd3 Rd8 25.Bxa6 Bxd4+ 26.Bxd4 Qxd4+ 27.Qxd4 Rxd4 28.Bb7 Kg7
29.h3 Ne5 30.Rb2 Ra4 31.Rc2 Kf6 32.Kf1 Nd3 33.Bc6 Ra3 34.Bb5 Nb4 35.Rf2+ Ke7
36.Bc4 Rc3 37.Bb3 Nd3 38.Rc2 Rxc2 39.Bxc2 Nc5 40.Ke2 Kd6 41.Ke3 Ke5 42.a4 Nb7
43.Kd3 Nc5+ 44.Ke3 Nb7 45.Bd3 Na5 46.Bb5 Nb7 47.Bc6 Na5 48.Bb5 Nb7 49.g3 Nd6
50.Bd3 Nb7 51.Bb5 Nd6 52.Bc6 Nc4+ 53.Kd3 Nb2+ 54.Ke3 Nc4+ 55.Kd3 Nb2+ 56.Ke3  1/2-1/2

[Event "Centrocoop June op-A"]
[Site "Eforie Nord "]
[Date "1998.??.??"]
[Round "?"]
[White "Lokchin, Anatoli"]
[Black "Craciun, Ovidiu"]
[Result "1/2-1/2"]
[WhiteElo "2000"]
[BlackElo "2225"]

1.d4 Nf6 2.c4 g6 3.Nc3 d5 4.cxd5 Nxd5 5.e4 Nxc3 6.bxc3 Bg7 7.Bc4 O-O 8.Be3 Nc6
9.Ne2 b6 10.O-O Bb7 11.Qd2 e5 12.Rad1 exd4 13.cxd4 Qe7 14.e5 Qb4 15.Bd5 Qxd2
16.Rxd2 Rfd8 17.Bxc6 Bxc6 18.Rc1 Bb5 19.Nc3 Bc6 20.Ne2 Bb5 21.Nc3  1/2-1/2

[Event "Centrocoop June op-A"]
[Site "Eforie Nord "]
[Date "1998.??.??"]
[Round "?"]
[White "Dobrov, Vladimir"]
[Black "Belov, Vladimir"]
[Result "1/2-1/2"]
[WhiteElo "2130"]
[BlackElo "2280"]

1.d4 Nf6 2.c4 g6 3.Nc3 d5 4.cxd5 Nxd5 5.e4 Nxc3 6.bxc3 Bg7 7.Bc4 c5 8.Ne2 O-O
9.O-O Nc6 10.Be3 Bg4 11.f3 Na5 12.Bxf7+ Rxf7 13.fxg4 Rxf1+ 14.Kxf1 cxd4 15.cxd4 e5
16.d5 Qh4 17.h3 Nc4 18.Qd3 Nxe3+ 19.Qxe3 Rf8+ 20.Kg1 Bh6 21.Qxa7 Qg5 22.Rd1 Qe3+
23.Qxe3 Bxe3+ 24.Kh1 Rf2 25.Nc3 Kf7 26.a4 Ke7 27.Kh2 Bf4+ 28.Kh1 Be3 29.Rb1 b6
30.Rd1 Kd7 31.Nb5 Ra2 32.Rd3 Ra1+ 33.Kh2 Bg1+ 34.Kg3 Rxa4  1/2-1/2

[Event "Centrocoop Sept op-B"]
[Site "Eforie Nord"]
[Date "1998.??.??"]
[Round "?"]
[White "Caravan, Mariana"]
[Black "Istrati, Viorica"]
[Result "1-0"]
[WhiteElo "2125"]
[BlackElo "2145"]

1.d4 Nf6 2.c4 g6 3.Nc3 d5 4.cxd5 Nxd5 5.e4 Nxc3 6.bxc3 Bg7 7.Nf3 c5 8.Rb1 O-O
9.Bc4 Nc6 10.Be3 cxd4 11.cxd4 Qa5+ 12.Bd2 Qc7 13.Qc2 Bg4 14.d5 Ne5 15.Nxe5 Bxe5
16.h3 Bd7 17.O-O Rfc8 18.Rfc1 b5 19.Bb3 Qxc2 20.Rxc2 Rxc2 21.Bxc2 a5 22.Bd3 b4
23.f4 Bd4+ 24.Kf1 f6 25.Ke2 Kf7 26.Bc4 Ke8 27.Kd3 Bc5 28.Be3 Bd6 29.g4 Rb8
30.Kd4 Rc8 31.Rc1 a4 32.e5 Bc5+ 33.Kd3 Bxe3 34.Kxe3 Kd8 35.Kd4 b3 36.axb3 axb3
37.Rb1 Ba4 38.Bxb3 Rb8 39.Bc2 Rxb1 40.Bxb1 Kc7 41.h4 Bd1 42.g5 f5 43.Ba2 Kd7
44.Bc4 Bc2 45.Kc5 Be4 46.Bb5+ Kd8 47.Be2 Kd7 48.h5 Ke8 49.h6 Bc2 50.Bf3 Bb3
51.Kc6 Kd8 52.Bh5 Ba4+ 53.Kc5 Be8 54.Bd1 Bf7 55.Bb3 Kc8 56.e6 Be8 57.d6 exd6+
58.Kxd6 Kd8 59.e7+ Kc8 60.Be6+ Kb7 61.Bd7  1-0

[Event "Centrocoop Sept op-B"]
[Site "Eforie Nord"]
[Date "1998.??.??"]
[Round "?"]
[White "Costescu, Marina"]
[Black "Sandu, Marius Stefan"]
[Result "1/2-1/2"]
[WhiteElo "2050"]
[BlackElo "2150"]

1.d4 Nf6 2.c4 g6 3.Nc3 d5 4.cxd5 Nxd5 5.e4 Nxc3 6.bxc3 Bg7 7.Be3 c5 8.Qd2 O-O
9.Rc1 Qa5 10.Bc4 Nc6 11.Ne2 Rd8 12.Bd5 e6 13.Bxc6 bxc6 14.Rd1 Ba6 15.f3 Bc4
16.Kf2 Rab8 17.Qc2 Qa3 18.Bc1 Qxa2 19.Qxa2 Bxa2 20.dxc5 Bb3 21.Rxd8+ Rxd8
22.Nd4 Bxd4+ 23.cxd4 Rxd4 24.Be3 Rd7 25.Rb1 Ba4 26.Bh6 Bb5 27.Ra1 e5 28.Ra2 f5
29.Rd2 Rd4 30.Be3 Rc4 31.Rd8+ Kf7 32.Rd7+ Ke6 33.Rd6+ Kf7 34.Rd7+ Ke8 35.Rb7 fxe4
36.fxe4 Rxe4  1/2-1/2

[Event "Centrocoop June op-B"]
[Site "Eforie Nord"]
[Date "1998.??.??"]
[Round "?"]
[White "Popa, Marian"]
[Black "Goriachnik, Dmitry"]
[Result "0-1"]
[WhiteElo "1795"]
[BlackElo "2145"]

1.d4 Nf6 2.c4 g6 3.Nc3 d5 4.cxd5 Nxd5 5.e4 Nxc3 6.bxc3 Bg7 7.Bc4 c5 8.Be3 Qa5
9.Qd2 Nc6 10.Ne2 cxd4 11.cxd4 Qxd2+ 12.Kxd2 O-O 13.Rhd1 Na5 14.Bd5 e6 15.Bb3 Bd7
16.Rac1 Nxb3+ 17.axb3 a5 18.Nc3 b5 19.e5 Bc6 20.f3 Rfd8 21.Ke1 f6 22.exf6 Bxf6
23.Ne4 Bxe4 24.fxe4 a4 25.bxa4 bxa4 26.Ra1 Kf7 27.Ke2 Ke8 28.Ra2 Rdb8 29.Rc1 Rb4
30.Kd3 Kd7 31.Rc4 Rb3+ 32.Rc3 Rb1 33.Rc4 a3 34.Bc1 Be7 35.Kc2 Rb5 36.Kd3 h5
37.h3 Rb3+ 38.Rc3 Rxc3+ 39.Kxc3 Rc8+  0-1

[Event "Centrocoop Sept op-A"]
[Site "Eforie Nord"]
[Date "1998.??.??"]
[Round "?"]
[White "Craciun, D."]
[Black "Voiteanu, Gabriel"]
[Result "1-0"]
[WhiteElo "2220"]
[BlackElo "2080"]

1.d4 Nf6 2.c4 g6 3.Nc3 d5 4.cxd5 Nxd5 5.e4 Nxc3 6.bxc3 Bg7 7.Bc4 O-O 8.Ne2 Nc6
9.Be3 b6 10.O-O Bb7 11.Qd2 Na5 12.Bd3 c5 13.Bh6 Rc8 14.Bxg7 Kxg7 15.d5 e6
16.c4 Kg8 17.Rad1 b5 18.dxe6 fxe6 19.cxb5 c4 20.Bc2 Qxd2 21.Rxd2 c3 22.Rd7 Rf7
23.Rfd1 Rc7 24.Rxc7 Rxc7 25.Rd3 Rc4 26.Rxc3 Rb4 27.f3 Rxb5 28.Nd4 Rb2 29.Bb3 Nxb3
30.Rxb3 Rxb3 31.Nxb3 Kf7 32.Kf2 e5 33.Ke3 Ba6 34.f4 exf4+ 35.Kxf4 Bc4 36.Ke5 Ke7
37.Kd4 Bf7 38.Nc1 Kd6 39.a3 Be8 40.Nd3 Bc6 41.h4 Ke6 42.g4 h6 43.g5 hxg5
44.hxg5 Be8 45.Nf4+ Kd6 46.Nd5 Bf7 47.Nc3 Be8 48.Nd5 Bf7 49.Nf4 Be8 50.e5+ Kc6
51.Kc4 Bf7+ 52.Kb4 Be8 53.a4 Bf7 54.Ka5 Kc5 55.Ka6 Kd4 56.e6 Be8 57.a5 Ke5
58.Kxa7 Kxf4 59.Kb6 Ke5 60.a6 Kd6  1-0

[Event "Eger Agria op"]
[Site "Eger Agria"]
[Date "1998.??.??"]
[Round "4"]
[White "Pap, Janos"]
[Black "Varadi, Viktor"]
[Result "0-1"]
[WhiteElo "2165"]
[BlackElo "2150"]

1.d4 Nf6 2.c4 g6 3.Nc3 d5 4.cxd5 Nxd5 5.e4 Nxc3 6.bxc3 Bg7 7.Nf3 c5 8.Bb5+ Bd7
9.Be2 Nc6 10.O-O cxd4 11.cxd4 O-O 12.h3 Rc8 13.Rb1 b6 14.Ba6 Ra8 15.Bg5 Na5
16.d5 Bc8 17.Be2 Qd6 18.Qd2 e5 19.Bh6 Bb7 20.Bxg7 Kxg7 21.h4 Rac8 22.Rbc1 Ba8
23.Qg5 f6 24.Qg4 Rc5 25.Rxc5 h5 26.Qg3 Qxc5 27.Nd2 Kh7 28.Kh1 Qc2 29.Qe3 Rc8
30.Bd3 Qc5 31.Qh3 Rc7 32.f4 exf4 33.Qe6 Qc3 34.d6 Rg7 35.Rf3 Qxd2 36.d7 Qc1+
37.Rf1 Qc7  0-1

[Event "FIN-chT9899"]
[Site "FIN"]
[Date "1998.??.??"]
[Round "2"]
[White "Sammalvuo, Tapani"]
[Black "Holmsten, Aleksei"]
[Result "1/2-1/2"]
[WhiteElo "2395"]
[BlackElo "2425"]

1.d4 Nf6 2.c4 g6 3.Nc3 d5 4.cxd5 Nxd5 5.e4 Nxc3 6.bxc3 Bg7 7.Nf3 O-O 8.Rb1 c5
9.Be2 cxd4 10.cxd4 Qa5+ 11.Qd2 Qxd2+ 12.Bxd2  1/2-1/2

[Event "FIN-chT9899"]
[Site "FIN"]
[Date "1998.??.??"]
[Round "5"]
[White "Niemela, Antti"]
[Black "Paavilainen, Jorma"]
[Result "1/2-1/2"]
[WhiteElo "2265"]
[BlackElo "2325"]

1.d4 Nf6 2.c4 g6 3.Nc3 d5 4.cxd5 Nxd5 5.e4 Nxc3 6.bxc3 Bg7 7.Nf3 O-O 8.Be2 c5
9.Rb1 cxd4 10.cxd4 Qa5+ 11.Bd2 Qxa2 12.O-O Qe6 13.Qc2 b6 14.Rfe1 Bb7 15.d5 Qc8
16.Qa2 Ba6 17.Rbc1 Qb7 18.Bf4 Bxe2 19.Rc7 Qa6 20.Rxe2 Re8 21.Be5 Qb5 22.Bxg7 Kxg7
23.Qa1+ Kg8 24.Nd4 Qb4 25.Re3 Na6 26.Rb3 Qxb3 27.Nxb3 Nxc7 28.Qe5 Nb5 29.h4 a5
30.h5 a4 31.h6 f6 32.Qe6+ Kf8 33.Qd7 axb3 34.Qxb5 Ra1+ 35.Kh2 Rb1 36.Qd3 Rb2
37.Qc3 Rxf2 38.Qxb3 Rf4 39.Qe3 Rg4 40.Kh3 Rg5 41.g4 Re5 42.Kg3 Kf7 43.Kf3 g5
44.Qc1 b5 45.Qc7 Ra8 46.d6 Ra3+ 47.Kf2 Ra2+ 48.Kf3 Ra3+ 49.Kf2 Ra2+ 50.Ke3 Ra3+
51.Kf2  1/2-1/2

[Event "BCF-chT2 97/98"]
[Site "GBR"]
[Date "1998.??.??"]
[Round "7"]
[White "Morris, Gareth"]
[Black "Easton, Alex"]
[Result "1/2-1/2"]
[WhiteElo "2150"]
[BlackElo "2095"]

1.d4 Nf6 2.c4 g6 3.Nc3 d5 4.cxd5 Nxd5 5.e4 Nxc3 6.bxc3 Bg7 7.Bc4 c5 8.Ne2 Nc6
9.Be3 O-O 10.O-O Qc7 11.Bb3 Rd8 12.Rc1 Na5 13.Bf4 Qb6 14.dxc5 Rxd1 15.Rfxd1 Qxc5
16.Rd8+ Bf8 17.Bh6 e6 18.Rcd1 Nxb3 19.axb3 b6 20.e5 Bb7 21.Rxa8 Bxa8 22.Rd8 Bd5
23.Nd4 a6 24.c4 Be4 25.f3 Bb7 26.Kf1 b5 27.Rxf8+ Qxf8 28.Bxf8 Kxf8 29.cxb5 axb5
30.b4 Bd5 31.Kf2 Bc4 32.f4 Ke7 33.Ke3 Kd7 34.g3 Kc7 35.Nf3 h6 36.Nd2 Bd5
37.Kd4 Kc6 38.Nf1 h5 39.Ne3 Bf3 40.h3 Kb6 41.g4 hxg4 42.hxg4 Kc6 43.Kc3 Be4
44.Kd2 Kd7 45.Ke1 Ke7 46.Kf2 f6 47.exf6+ Kxf6 48.g5+ Ke7 49.Nd1 Kd6 50.Ke3 Bc6
51.Kd4 Be8 52.Nf2 Bc6 53.Nd3 Bd7 54.Ne5 Be8 55.Ng4 Bd7 56.Nh6 Be8 57.Ng8 Bd7
58.Nf6 Bc6 59.Ne4+ Bxe4 60.Kxe4 Kd7 61.Kd3 Kc6 62.Ke4 Kd7 63.Kd4 Kd6  1/2-1/2

[Event "BCF-chT2 97/98"]
[Site "GBR"]
[Date "1998.??.??"]
[Round "10"]
[White "Dearing, Eddie"]
[Black "Varley, Peter"]
[Result "0-1"]
[WhiteElo "2295"]
[BlackElo "2210"]

1.d4 Nf6 2.c4 g6 3.Nc3 d5 4.cxd5 Nxd5 5.e4 Nxc3 6.bxc3 Bg7 7.Be3 c5 8.Qd2 Qa5
9.Rb1 cxd4 10.cxd4 Qxd2+ 11.Kxd2 O-O 12.Bd3 Rd8 13.Ne2 Nc6 14.d5 Ne5 15.Nd4 Nxd3
16.Kxd3 e6 17.dxe6 fxe6 18.f4 b6 19.e5 Ba6+ 20.Kc3 Rac8+ 21.Kb2 Kf7 22.Rhd1 Rd5
23.Nf3 h6 24.Rxd5 exd5 25.Rd1 Bc4 26.Rd2 Bf8 27.g4 a5 28.f5 gxf5 29.gxf5 a4
30.a3 b5 31.Bd4 b4 32.e6+ Ke8 33.axb4 Bxb4 34.Rc2 a3+ 35.Ka1 Ke7 36.Ne5 Bc5
37.Ng6+ Kd6 38.Be5+ Kc6 39.f6 Kb5 40.f7 d4 41.Bf4 d3 42.Rxc4 Kxc4 43.e7 Kb3
44.Be5 Bd4+  0-1

[Event "Oberliga Ost B9899"]
[Site "GER"]
[Date "1998.??.??"]
[Round "?"]
[White "Jordan, Raul"]
[Black "Heidl, Guenther"]
[Result "1-0"]
[WhiteElo "2185"]
[BlackElo "2355"]

1.d4 Nf6 2.c4 g6 3.Nc3 d5 4.cxd5 Nxd5 5.e4 Nxc3 6.bxc3 Bg7 7.Bc4 c5 8.Ne2 Nc6
9.Be3 cxd4 10.cxd4 b5 11.Bd5 Bd7 12.Rc1 Rc8 13.Qd2 Na5 14.Rxc8 Bxc8 15.Qb4 Bd7
16.O-O O-O 17.Bg5 Re8 18.Rc1 Bf8 19.Qc3 Nc4 20.Qf3 Be6 21.Bc6 Bd7 22.Bd5 Be6
23.Bxe6 fxe6 24.Qh3 Qb6 25.a4 a6 26.axb5 axb5 27.Nf4 e5 28.dxe5 Nxe5 29.Nd5 Qd6
30.Qb3 Nf7 31.Bf4 e5 32.Be3 Rb8 33.Rc7 Ra8 34.h3 b4 35.Bc5 Qxc5 36.Nf6+  1-0

[Event "Oberliga Nord O9899"]
[Site "GER"]
[Date "1998.??.??"]
[Round "?"]
[White "Vogel, Robert"]
[Black "Gieritz, Dietmar"]
[Result "1-0"]
[WhiteElo "2290"]
[BlackElo "2185"]

1.d4 Nf6 2.c4 g6 3.Nc3 d5 4.cxd5 Nxd5 5.e4 Nxc3 6.bxc3 Bg7 7.Bc4 O-O 8.Ne2 c5
9.O-O Nc6 10.Be3 Qa5 11.Rb1 cxd4 12.cxd4 a6 13.a4 Qc7 14.Rc1 Qd7 15.h3 Na5
16.Bd3 Nc6 17.d5 Ne5 18.Bb1 b5 19.Ba2 a5 20.axb5 Qxb5 21.Nd4 Qb2 22.Rc2 Qb4
23.f4 Nd7 24.e5 Nb8 25.Qf3 Ba6 26.Rb1 Qa4 27.d6 Ra7 28.Nb3 Rb7 29.dxe7 Re8
30.Bc5 Rc7 31.Rbc1 Bb7 32.Qf2 Bd5 33.Nxa5 Be4 34.Rc4 Qxa5 35.Rxe4 Rexe7 36.Rec4 Re8
37.Bd6 Rxc4 38.Bxc4 Nd7 39.Qa2 Qxa2 40.Bxa2 Nf8 41.Rc7 Ne6 42.Ra7 f6 43.f5 Kh8  1-0

[Event "Oberliga Ost A9899"]
[Site "GER"]
[Date "1998.??.??"]
[Round "?"]
[White "Jahnel, Guenther"]
[Black "Darnstaedt, Frank"]
[Result "0-1"]
[WhiteElo "2280"]
[BlackElo "2290"]

1.d4 Nf6 2.c4 g6 3.Nc3 d5 4.cxd5 Nxd5 5.e4 Nxc3 6.bxc3 Bg7 7.Nf3 c5 8.Bb5+ Bd7
9.Be2 cxd4 10.cxd4 Bc6 11.Qd3 Na6 12.Rb1 O-O 13.d5 Bd7 14.O-O Nc5 15.Qe3 Rc8
16.Bb2 Qa5 17.Bxg7 Kxg7 18.Ne5 b6 19.Rfc1 Rcd8 20.a3 Be8 21.Rb4 Na6 22.Rb2 Nc5
23.h4 f6 24.Nc4 Qa4 25.h5 gxh5 26.e5 Rxd5 27.f4 Bg6 28.Qf3 Qd7 29.Ne3 Rd4
30.Bb5 Qd8 31.f5 Be8 32.Bxe8 Qxe8 33.Rb4 Qd8 34.Qxh5 Rxb4 35.axb4 Qd2 36.exf6+ exf6
37.Qg4+ Kh8 38.bxc5  0-1

[Event "Oberliga Nord N9899"]
[Site "GER"]
[Date "1998.??.??"]
[Round "?"]
[White "Doeppner, Tilo"]
[Black "Lindinger, Markus"]
[Result "0-1"]
[WhiteElo "2190"]
[BlackElo "2290"]

1.d4 Nf6 2.c4 g6 3.Nc3 d5 4.cxd5 Nxd5 5.e4 Nxc3 6.bxc3 Bg7 7.Nf3 c5 8.Rb1 O-O
9.Be2 Nc6 10.d5 Ne5 11.Nxe5 Bxe5 12.Qd2 e6 13.f4 Bc7 14.O-O exd5 15.exd5 Ba5
16.f5 Bxf5 17.Rxb7 Qd6 18.Rb5 Bc7 19.Qh6 Qe5 20.Rb7 Ba5 21.c4 Bc3 22.Bf3 Rae8
23.Bd2 Qd4+  0-1

[Event "NRW-Liga I 9899"]
[Site "GER"]
[Date "1998.??.??"]
[Round "4"]
[White "Richter, Gerald"]
[Black "Sommer, Stefan"]
[Result "1-0"]
[WhiteElo "2165"]
[BlackElo "1965"]

1.d4 Nf6 2.c4 g6 3.Nc3 d5 4.cxd5 Nxd5 5.e4 Nxc3 6.bxc3 Bg7 7.Be3 O-O 8.Bc4 c5
9.Ne2 Qa5 10.Kf1 Nc6 11.h4 h5 12.Rb1 a6 13.Qc1 b5 14.Bd5 Bb7 15.Bxc6 Bxc6
16.d5 Bb7 17.Bxc5 Rfe8 18.Rh3 Qxa2 19.c4 Bc8 20.Rhb3 Bg4 21.f3 Rac8 22.cxb5 Bd7
23.Ra3 Rxc5 24.Rxa2 Rxc1+ 25.Rxc1 Bxb5 26.Kf2 Ra8 27.Rc5 Rb8 28.Ke3 Be5 29.Nd4 Bd6
30.Rc1 Kf8 31.f4 f6 32.Ne6+ Kf7 33.g3 Bb4 34.e5 a5 35.Nd4 Rb7 36.Rc8 Ba6
37.Ne6 g5 38.hxg5 fxg5 39.Nxg5+ Kg7 40.Ne6+ Kg6 41.Rg8+ Kh7 42.Rg5 Be1 43.Rxh5+ Kg8
44.Rg5+ Kf7 45.Rg7+ Ke8 46.Rg8+ Kf7 47.Rf8+ Kg6 48.f5+ Kh5 49.Rh2+ Kg4 50.Rg8+ Kxf5
51.Rh5+  1-0

[Event "BL2-West 9900 (Women)"]
[Site "Germany"]
[Date "1998.??.??"]
[Round "?"]
[White "Loesch, Yvonne"]
[Black "Jap Tjoen San, Linda"]
[Result "0-1"]
[WhiteElo "2106"]
[BlackElo "2211"]

1.d4 Nf6 2.c4 g6 3.Nc3 d5 4.cxd5 Nxd5 5.e4 Nxc3 6.bxc3 Bg7 7.Bc4 c5 8.Nf3 O-O
9.Be3 Bg4 10.e5 e6 11.h3 Bxf3 12.Qxf3 Qc7 13.Rc1 Nd7 14.O-O Nb6 15.Bb3 c4
16.Bc2 Nd5 17.Bd2 Rab8 18.Be4 Rfd8 19.Bg5 Rd7 20.Rb1 h6 21.Bxd5 Rxd5 22.Bf6 Bf8
23.Qe3 b5 24.Rb2 Rb6 25.Rfb1 Kh7 26.f4 Qd7 27.Bh4 a5 28.Be1 Qb7 29.Rc2 Rd7
30.Kh2 Qd5 31.Qe2 Rc7 32.g3 Be7 33.Qg2 Rcb7 34.Rcb2 Kg7 35.Qf2 b4 36.cxb4 axb4
37.Qf1 Rb5 38.Rc2 c3 39.Rb3 Qxd4 40.Bf2 Qe4 41.Qc1 Rd7 42.a3 Rbd5  0-1

[Event "BL9798 (Women)"]
[Site "Germany"]
[Date "1998.??.??"]
[Round "?.5"]
[White "Kube, Hannelore"]
[Black "Uhlendorf, Kristina"]
[Result "0-1"]
[WhiteElo "2050"]
[BlackElo "2110"]

1.c4 Nf6 2.Nc3 g6 3.d4 d5 4.cxd5 Nxd5 5.e4 Nxc3 6.bxc3 Bg7 7.Be3 c5 8.Qd2 O-O
9.Nf3 Qa5 10.Rc1 Nc6 11.d5 Ne5 12.Nxe5 Bxe5 13.f4 Bg7 14.Be2 Bd7 15.O-O Rac8
16.f5 c4 17.Bg4 Qc7 18.Bh6 Rfd8 19.Rf3 Qe5 20.Bf4 Qf6 21.e5 Qb6+ 22.Be3 Qa5
23.e6 fxe6 24.fxg6 Qxd5 25.gxh7+ Kh8 26.Qxd5 exd5 27.Bxd7 Rxd7 28.Rf7 Rf8
29.Rcf1 Rxf7 30.Rxf7 Bxc3 31.g4 Bg7 32.g5 d4 33.Bf4 d3 34.Be5 Bxe5 35.g6 Bg7  0-1

[Event "Oberliga Ost B9798"]
[Site "Germany"]
[Date "1998.??.??"]
[Round "?.3"]
[White "Roeschlau, Bernd"]
[Black "Banas, Jan"]
[Result "0-1"]
[WhiteElo "2245"]
[BlackElo "2385"]

1.d4 Nf6 2.c4 g6 3.Nc3 d5 4.cxd5 Nxd5 5.e4 Nxc3 6.bxc3 Bg7 7.Bc4 O-O 8.Ne2 c5
9.O-O Nc6 10.Be3 Na5 11.Bb3 cxd4 12.cxd4 e6 13.Rb1 b6 14.Qd3 Bb7 15.Ba4 a6
16.Rfc1 b5 17.Bb3 Qd7 18.f3 Rac8 19.Rd1 Nxb3 20.axb3 Qe7 21.Qd2 Rfe8 22.Bg5 Qd7
23.h4 Rc7 24.Rb2 h5 25.e5 Ra8 26.Ng3 Qc8 27.Bf6 Qf8 28.Bg5 Rd7 29.b4 Rc8
30.Ne2 Rc4 31.Qe1 Kh7 32.Rb3 Bd5 33.Nf4 Qc8 34.Rbb1 Bb7 35.Ne2 Rc2 36.Rbc1 Bd5
37.Rxc2 Qxc2 38.Rc1 Qf5 39.Rc3 Ba2 40.Ra3 Qc2 41.Nc3 Bc4 42.Qe3 Bd3 43.Ra1 Qxc3  0-1

[Event "Bundesliga 9798"]
[Site "Germany"]
[Date "1998.??.??"]
[Round "?.1"]
[White "Epishin, Vladimir"]
[Black "Ftacnik, Lubomir"]
[Result "1/2-1/2"]
[WhiteElo "2570"]
[BlackElo "2585"]

1.d4 Nf6 2.c4 g6 3.Nc3 d5 4.cxd5 Nxd5 5.e4 Nxc3 6.bxc3 Bg7 7.Be3 c5 8.Qd2 Qa5
9.Rb1 b6 10.Bb5+ Bd7 11.Be2 Bc6 12.Bd3 Nd7 13.h4 Rd8 14.Ne2 cxd4 15.cxd4 Nc5
16.Qxa5 bxa5 17.Bb5 Bxb5 18.Rxb5 Nxe4 19.O-O O-O 20.Rfb1 Nd6 21.Rxa5 Rd7
22.d5 Ra8 23.Bf4 Bf6 24.g3 Kg7 25.Rc1 Rb8 26.Be3 Rb2 27.Nd4 Nb7 28.Rxa7 Rxd5
29.Nc6 Nd6 30.Rd7 Rxa2 31.Nb4 Rda5 32.Nxa2 Rxa2 33.Ra7 Rb2 34.Bc5 Ne4 35.Rd7 Nxc5
36.Rxc5 h5 37.Rd8 Ra2 38.Kg2 Rb2 39.Rcc8 Be5 40.Rg8+ Kh7 41.Rgd8 Kg7 42.Rc4 f5
43.Rdc8 Bf6 44.Rc2 Rb3 45.R8c7  1/2-1/2

[Event "Bundesliga 9798"]
[Site "Germany"]
[Date "1998.??.??"]
[Round "?.2"]
[White "Jussupow, Artur"]
[Black "Van Wely, Loek"]
[Result "1-0"]
[WhiteElo "2640"]
[BlackElo "2655"]

1.d4 Nf6 2.c4 g6 3.Nc3 d5 4.cxd5 Nxd5 5.e4 Nxc3 6.bxc3 Bg7 7.Bc4 O-O 8.Ne2 c5
9.O-O Nc6 10.Be3 Bg4 11.f3 Na5 12.Bxf7+ Rxf7 13.fxg4 Rxf1+ 14.Kxf1 Qd7 15.g5 Nc4
16.Bf2 e5 17.dxc5 Rd8 18.Qxd7 Rxd7 19.Ke1 Nb2 20.Nc1 Na4 21.Nb3 Nxc3 22.Rc1 Nxa2
23.c6 bxc6 24.Rxc6 Bf8 25.Nc5 Bxc5 26.Rxc5 Nb4 27.Ke2 Nd3 28.Rc8+ Kf7 29.Be3 Nb4
30.Rc4 Nd3 31.g3 a5 32.Bb6 Nb2 33.Rc2 Na4 34.Bxa5 Rb7 35.Rc4 Nb2 36.Rc5 Na4
37.Rxe5 Rb2+ 38.Bd2 Nb6 39.Rc5 Nd7 40.Rd5 Nb6 41.Rd4 Ke6 42.Ke3 Nd7 43.Ra4 Ne5
44.Ra6+ Kd7 45.Bc3 Rb3 46.Kd4 Nf3+ 47.Kc4 Rb1 48.h4 Rc1 49.Kd3 Rg1 50.e5 Rxg3
51.e6+ Ke8 52.Kc4  1-0

[Event "Bundesliga 9798"]
[Site "Germany"]
[Date "1998.??.??"]
[Round "?.4"]
[White "Timman, Jan H"]
[Black "Thiel, Thomas"]
[Result "1-0"]
[WhiteElo "2625"]
[BlackElo "2345"]

1.d4 Nf6 2.c4 g6 3.Nc3 d5 4.cxd5 Nxd5 5.e4 Nxc3 6.bxc3 Bg7 7.Be3 c5 8.Qd2 O-O
9.Nf3 Bg4 10.Ng5 Qa5 11.h3 Bd7 12.Rc1 e6 13.d5 exd5 14.exd5 c4 15.Be2 Na6
16.O-O Rac8 17.Ne4 Qa3 18.Bd4 Rfe8 19.Bxg7 Rxe4 20.Bf3 Ree8 21.Bh6 Qd6 22.Rfe1 Qf6
23.Bg5 Qg7 24.Rxe8+ Rxe8 25.Be3 b6 26.Bd4 Qf8 27.Qf4 h6 28.d6 Nb8 29.Be3 g5
30.Qd4 Be6 31.h4 gxh4 32.Qxh4 Qxd6 33.Bxh6 Bf5 34.Bf4 Qg6 35.Bh5 Qg7 36.Bxb8  1-0

[Event "BL2-N9798"]
[Site "Germany"]
[Date "1998.??.??"]
[Round "4.6"]
[White "Lauber, Arnd"]
[Black "Bachmann, Andreas"]
[Result "1-0"]
[WhiteElo "2325"]
[BlackElo "2295"]

1.d4 Nf6 2.c4 g6 3.Nc3 d5 4.cxd5 Nxd5 5.e4 Nxc3 6.bxc3 Bg7 7.Bb5+ c6 8.Ba4 O-O
9.Ne2 Nd7 10.O-O e5 11.Be3 Re8 12.Bc2 Nb6 13.f4 Nc4 14.Bf2 exd4 15.cxd4 f5
16.Bd3 b5 17.Ng3 fxe4 18.Bxe4 Qf6 19.a4 Ba6 20.f5 bxa4 21.fxg6 hxg6 22.Qc2 Rab8
23.Bd3 Qe6 24.Rfe1 Qd5 25.Rxe8+ Rxe8 26.Rxa4 Ne3 27.Bxe3 Rxe3 28.Bxa6 Bxd4
29.Kh1 Kh7 30.Nf1 Re5 31.Qc4 Bb6 32.Qxd5 cxd5 33.g3 Kg7 34.Kg2 Kf6 35.Ra2 Re1
36.Nd2 Rc1 37.Nf3 d4 38.Rd2 Ra1 39.Bb5 a5  1-0

[Event "NRW-Liga 9798"]
[Site "Germany"]
[Date "1998.??.??"]
[Round "6"]
[White "Berg, Michael"]
[Black "Wagner, Alexej"]
[Result "1/2-1/2"]
[WhiteElo "2265"]
[BlackElo "2200"]

1.d4 Nf6 2.c4 g6 3.Nc3 d5 4.cxd5 Nxd5 5.e4 Nxc3 6.bxc3 Bg7 7.Bc4 c5 8.Ne2 O-O
9.Be3 cxd4 10.cxd4 Nc6 11.Rc1 Na5 12.Bd3 e6 13.Qd2 Nc6 14.Bb5 Bd7 15.O-O a6
16.Bd3 Rc8 17.Rc3 Qe7 18.Rfc1 Qd6 19.Bb1 Ne7 20.Bh6 Rxc3 21.Rxc3 Rc8 22.Bxg7 Kxg7
23.Rh3 Ng8 24.Rb3 b5 25.a3 Bc6 26.Qb2 Ne7 27.Rh3 Ba8 28.Qd2 Ng8 29.Qb2 Ne7
30.Qd2 Ng8 31.Qb2  1/2-1/2

[Event "BL2-O9798"]
[Site "Germany"]
[Date "1998.??.??"]
[Round "9.5"]
[White "Hackel, Mario"]
[Black "Riefner, Edwin"]
[Result "1-0"]
[WhiteElo "2315"]
[BlackElo "2260"]

1.d4 Nf6 2.c4 g6 3.Nc3 d5 4.cxd5 Nxd5 5.e4 Nxc3 6.bxc3 Bg7 7.Qa4+ Nd7 8.Qa3 b6
9.Bg5 Bb7 10.f3 c5 11.Rd1 Qc7 12.Bb5 Bc6 13.Bxc6 Qxc6 14.Ne2 e6 15.h4 O-O
16.Qb3 c4 17.Qa3 f5 18.e5 Rf7 19.h5 Bf8 20.Qc1 gxh5 21.Rxh5 Rg7 22.Kf2 Be7
23.Bh6 Rf7 24.Rdh1 Qc8 25.Nf4 Nf8 26.R1h3 Qe8 27.Rg3+ Kh8 28.Bxf8 Bxf8 29.Ng6+ Kg8
30.Ne7+ Kh8 31.Rg8+  1-0

[Event "BL2-O9798"]
[Site "Germany"]
[Date "1998.??.??"]
[Round "9.5"]
[White "Braun, Christian"]
[Black "Naumann, Alexander"]
[Result "0-1"]
[WhiteElo "2180"]
[BlackElo "2385"]

1.d4 Nf6 2.c4 g6 3.Nc3 d5 4.cxd5 Nxd5 5.e4 Nxc3 6.bxc3 Bg7 7.Nf3 c5 8.Rb1 O-O
9.Be2 cxd4 10.cxd4 Qa5+ 11.Bd2 Qxa2 12.O-O Bg4 13.Bg5 h6 14.Be3 Nc6 15.Re1 Bxf3
16.Bxf3 Rfd8 17.d5 Ne5 18.Re2 Nxf3+ 19.gxf3 Qa6 20.Rc2 e6 21.Rc7 Be5 22.Rcxb7 exd5
23.f4 Bg7 24.exd5 Qd6 25.Rxa7 Rxa7 26.Bxa7 Qxf4 27.Be3 Qe4 28.Rb5 Be5 29.h3 Ra8
30.Rb1 Ra5 31.Rc1 Rxd5 32.Qg4 Qd3 33.Bxh6 Bd4 34.Rc8+ Kh7 35.Bg5 Kg7 36.Qh4 Bxf2+
37.Kxf2 Qf5+ 38.Kg2 Qxg5+ 39.Qxg5 Rxg5+ 40.Kf3 Ra5 41.Rc7 Kf6 42.h4 Re5 43.Kf4 Re7
44.Rc6+ Kg7 45.Rc8 Ra7 46.Rc4 Kh6 47.Rc8 Ra4+ 48.Kg3 Ra3+ 49.Kg2 Kh5 50.Rc4 f5
51.Kf2 Rh3  0-1

[Event "Gyongyos Matra Kupa"]
[Site "Gyongyos"]
[Date "1998.??.??"]
[Round "4"]
[White "Sull, Gyula"]
[Black "Horvath, Sandor"]
[Result "1/2-1/2"]
[WhiteElo "2155"]
[BlackElo "2065"]

1.d4 Nf6 2.c4 g6 3.Nc3 d5 4.cxd5 Nxd5 5.e4 Nxc3 6.bxc3 Bg7 7.Be3 c5 8.Qd2 cxd4
9.cxd4 O-O 10.Rb1 Nc6 11.d5 Na5 12.Nf3 Bg4 13.Be2 Rc8 14.O-O Bxf3 15.Bxf3 Nc4
16.Qe2 Nxe3 17.Qxe3 b6  1/2-1/2

[Event "Gyongyos Matra Kupa"]
[Site "Gyongyos"]
[Date "1998.??.??"]
[Round "8"]
[White "Juhasz, Bela"]
[Black "Muhari, Istvan"]
[Result "1-0"]
[WhiteElo "2235"]
[BlackElo "2145"]

1.d4 Nf6 2.c4 g6 3.Nc3 d5 4.cxd5 Nxd5 5.e4 Nxc3 6.bxc3 Bg7 7.Bc4 c5 8.Be3 Nc6
9.Ne2 O-O 10.O-O Qc7 11.Rc1 Rd8 12.Qd2 Na5 13.Bd3 c4 14.Bc2 e6 15.Bh6 b6
16.h4 Bb7 17.h5 Qe7 18.Bxg7 Kxg7 19.e5 Qh4 20.Ng3 Nc6 21.Be4 Rd7 22.Rfe1 Rad8
23.Bf3 Qe7 24.Qf4 Nb8 25.Bxb7 Rxb7 26.Ne4 Nd7 27.Re3 h6 28.hxg6 fxg6 29.Rg3 Nf8
30.Re1 Nh7 31.Qg4 g5 32.Rh3 Qf8 33.Qh5 Qf5 34.Qxh6+ Kg8 35.Nd6  1-0